| 000 | 01109cam a2200301 a 4500 | ||
|---|---|---|---|
| 001 | 16266561 | ||
| 003 | ARRUPE | ||
| 005 | 20150605020006.0 | ||
| 008 | 100604s2010 tnuaf b 000 0deng | ||
| 010 | _a 2010023391 | ||
| 020 | _a9780849946158 (pbk.) | ||
| 040 |
_aDLC _cDLC _dDLC |
||
| 042 | _apcc | ||
| 050 | 0 | 0 |
_aBT846.3 _b.B87 2010 |
| 082 | 0 | 0 |
_a133.901/3092 _222 |
| 100 | 1 |
_aBurpo, Todd. _917795 |
|
| 245 | 1 | 0 |
_aHeaven is for real : _ba little boy's astounding story of his trip to heaven and back / _cTodd Burpo with Lynn Vincent. |
| 260 |
_aNashville, Tenn. : _bThomas Nelson, _cc2010. |
||
| 300 |
_axxi, 163 p., [8] p. of plates : _bill. ; _c21 cm. |
||
| 504 | _aIncludes bibliographical references (p. 159-160). | ||
| 600 | 1 | 0 |
_aBurpo, Colton, _d1999- _917796 |
| 650 | 0 |
_aHeaven _xChristianity. _917797 |
|
| 650 | 0 |
_aNear-death experiences _xReligious aspects _xChristianity. _917798 |
|
| 700 | 1 |
_aVincent, Lynn. _917799 |
|
| 906 |
_a7 _bcbc _corignew _d1 _eecip _f20 _gy-gencatlg |
||
| 942 |
_2lcc _cMONOGRAPH _01 |
||
| 999 |
_c122835 _d122835 |
||